Statistiques concernant Meilleurs joueurs du Top 14.

Cliquez ici pour prendre le quiz!

Statistiques générales

  • Ce quiz a été pris 398 fois
    (328 depuis la dernière actualisation)
  • Le résultat moyen est 6 sur 18

Statistiques - réponses

AnnéeClubJoueur% Correct
2021Stade toulousainAntoine Dupont
100%
2019Stade toulousainCheslin Kolbe
81%
2015Stade français ParisSergio Parisse
64%
2022Montpellier HRZach Mercer
57%
2010ASM ClermontMorgan Parra
47%
2013Castres olympiqueRory Kockott
46%
2014RC ToulonMatt Giteau
32%
2009ASM ClermontNapolioni Nalaga
28%
2017Stade rochelaisVictor Vito
26%
2018US OyonnaxBen Botica
23%
2011Montpellier HRFrançois Trinh-Duc
18%
2016Racing 92Johan Goosen
18%
2006SU AgenRupeni Caucaunibuca
15%
2008Stade toulousainByron Kelleher
14%
2007Stade français ParisJuan Martín Hernández
14%
2005Stade toulousainYannick Jauzion
14%
2012Castres olympiqueChris Masoe
10%
2004USA PerpignanManuel Edmonds
3%

Distribution des résultats

Percentile par nombre de réponses

% des personnes avec chaque résultat

Votre développement - résultats

Vous n’avez pas pris ce quiz depuis la dernière actualisation